Szczegóły MARC21

Gimnastyka sportowa : (skrypt dla studentów i nauczycieli kultury fizycznej oraz trenerów gimnastyki sportowej) /

003 -Nazwa inst., której nr kontr. jest w polu 001 [,]
    • @
    • Nazwa instytucji, której n kontrolny jest w polu 001
    • NUKAT
005 -DATA I CZAS OSTATNIEJ MODYFIKACJI [,]
    • @
    • pole kontrolne
    • 20241231090034.0
040 -Instytucja sporządzająca opis [ , ]
    • a
    • Instytucja, która sporządziła opis (NP)
    • KR 122/TZ
    • c
    • Instytucja, która sporządziła rekord (NP)
    • KR 122/TZ
    • d
    • Instytucja, która zmodyfikowała rekord (P)
    • KR 122/MN
    • d
    • Instytucja, która zmodyfikowała rekord (P)
    • OLSZT 003/DS
942 -Rodzaj dokumentu [ , ]
    • c
    • Rodzaj dokumentu
    • Książka
100 -Hasło główne - nazwa osobowa [1, ]
    • a
    • Nazwa osobowa (NP)
    • Eider, Jerzy.
    • 9
    • KHW
    • 1203
245 -Strefa tytułu i oznaczenia odpowiedzialności [1,0]
    • a
    • Tytuł
    • Gimnastyka sportowa : Find
    • b
    • Ciąg dalszy tytułu (NP)
    • (skrypt dla studentów i nauczycieli kultury fizycznej oraz trenerów gimnastyki sportowej) / Find
    • c
    • Pozostałe elementy strefy tytułu i oznaczenia odpowiedzialności (NP)
    • Jerzy Eider.
260 -Strefa adresu wydawniczego [ , ]
    • a
    • Miejsce wydania (P)
    • Szczecin :
    • b
    • Nazwa wydawcy (P)
    • Wydawnictwa Naukowe Uniwersytetu Szczecińskiego,
    • c
    • Data wydania (P)
    • 1988.
300 -Strefa opisu fizycznego [ , ]
    • a
    • Określenie formy książki i/lub objętość (NP)
    • 222 s. :
    • b
    • Oznaczenie ilustracji (NP)
    • il. ;
    • c
    • Format (NP)
    • 25 cm.
336 -Typ zawartości [ , ]
    • a
    • Termin opisujący typ zawartości
    • Tekst
    • b
    • Kod określający zawartość
    • txt
    • 2
    • Źródło (terminu i kodu)
    • rdacontent
337 -Typ mediów [ , ]
    • a
    • Tryb odtwarzania
    • Bez urządzenia pośredniczącego
    • b
    • Kod typu mediów
    • n
    • 2
    • Źródło (terminu i kodu)
    • rdamedia
338 -Typ/rodzaj nośnika [ , ]
    • a
    • Hasło opisujące typ nośnika
    • Wolumin
    • b
    • Kod typu nośnika
    • nc
    • 2
    • Źródło (terminu i kodu)
    • rdacarrier
504 -Uwaga dot. bibliogr. załącznikowej [ , ]
    • a
    • Uwaga dot. bibliografii załącznikowej
    • Bibliogr. s. 212-218.
080 -Uniwersalna Klasyfikacja Dziesiętna [ , ]
    • a
    • Symbol klasyfikacji
    • 796.41(075.8)
650 -Hasło przedmiotowe [ ,7]
    • a
    • Hasło przedmiotowe
    • Gimnastyka sportowa
    • v
    • Określnik formalny
    • podręczniki.
    • 2
    • Źródło terminu
    • kaba
    • 9
    • KHW
    • 420946
980 -Symbol UKD [ , ]
    • a
    • UKD
    • 796.41(075.8)
710 -Hasło dodatkowe - nazwa ciała zbiorowego [2, ]
    • a
    • Nazwa ciała zbiorowego lub nazwa geograficzna jako pierwszy element (NP)
    • Uniwersytet Szczeciński.
    • b
    • Nazwa jednostki podrzędnej (P)
    • Wydawnictwo Naukowe.
    • 4
    • Kod relacji
    • pbl
    • 9
    • KHW
    • 51208
Sygnatura Numer inwentarzowy Status udost. Data inwentaryzacji Lokalizacja
W.156067W.15608021994-02-03BG
W.156067W.15609021994-02-03BG
W.156067W.15608721994-02-03BG
W.156067W.156069-51994-02-03BG
W.156067W.156067-51994-02-03BG
 W.177402-51994-02-03BG
Z.72264Z.7226411994-02-03BG
Z.72264Z.7226511994-02-03BG
W.156067W.15608121994-02-03BG
W.156067W.15608221994-02-03BG
W.156067W.15608321994-02-03BG
W.156067W.15608421994-02-03BG
W.156067W.15608521994-02-03BG
W.156067W.15608621994-02-03BG
W.156067W.15608821994-02-03BG
W.156067W.15608921994-02-03BG
W.156067W.15609121994-02-03BG
W.156067W.15609221994-02-03BG
W.156067W.15609321994-02-03BG
W.156067W.15609421994-02-03BG
W.156067W.15609521994-02-03BG
W.156067W.15609621994-02-03BG
W.156067W.156068-51994-02-03BG
W.156067W.15607021994-02-03BG
W.156067W.15607121994-02-03BG
W.156067W.15607221994-02-03BG
W.156067W.15607321994-02-03BG
W.156067W.15607421994-02-03BG
W.156067W.15607521994-02-03BG
W.156067W.15607621994-02-03BG
W.156067W.15607721994-02-03BG
W.156067W.15607821994-02-03BG
W.156067W.15607921994-02-03BG
 WF.6832-32001-02-09BM
 WF.29922 BM
Gimnastyka 01WF.29911 BM
 WF.2990-3 BM
 WF.2989-3 BM
 WF.2993-3 BM